[Event "Ct. Catalunya eq DH"]
[Site "?"]
[Date "2012.02.04"]
[Round "2.6"]
[White "Aloma Vidal, R."]
[Black "Martinez Ramirez, E."]
[Result "1/2-1/2"]
[WhiteElo "2497"]
[BlackElo "2366"]
[PlyCount "126"]
[EventDate "2012.??.??"]
[EventType "team"]
[EventRounds "11"]

1. d4 Nf6 2. c4 g6 3. Nc3 d5 4. Bg5 Bg7 5. e3 dxc4 6. Bxc4 O-O 7. Nf3 c5 8. h3
cxd4 9. exd4 Nc6 10. O-O Na5 11. Bd3 Be6 12. Re1 Rc8 13. Ne4 Nc4 14. Qe2 Bd5
15. Rac1 Nd6 16. Nc3 e6 17. Nxd5 exd5 18. Rxc8 Nxc8 19. Ne5 Qd6 20. Qf3 Nd7 21.
Bf4 Nxe5 22. dxe5 Qe6 23. Bd2 Nb6 24. Bc3 Re8 25. Qe3 Qc6 26. f4 Bf8 27. Kh1
Bc5 28. Qe2 a6 29. f5 Na4 30. e6 Nxc3 31. bxc3 Kg7 32. Qg4 fxe6 33. fxg6 h6 34.
Rf1 Rf8 35. Rxf8 Bxf8 36. c4 Be7 37. Qf4 Bf6 38. h4 e5 39. cxd5 Qxd5 40. Qe4
Qxe4 41. Bxe4 Bxh4 42. Bxb7 a5 43. Be4 Kf8 44. Kg1 Bf6 45. Kf2 Ke7 46. Kf3 Ke6
47. Ke3 Kd6 48. Ba8 Bg7 49. Ke4 Kc5 50. Kf5 Kd6 51. Be4 Ke7 52. Bc2 Kd6 53. Bb3
Ke7 54. Ke4 Kd6 55. Ke3 Kc6 56. Kd3 Kc5 57. Bf7 Bf6 58. Be6 Bg7 59. Bf5 Bf6 60.
Be4 Bg7 61. Bf3 Bf6 62. Ke4 Kd6 63. Kf5 Ke7 1/2-1/2

[Event "Ct. Catalunya eq DH"]
[Site "?"]
[Date "2012.02.04"]
[Round "2.6"]
[White "Canal Oliveras, J."]
[Black "Lillo Castany, V."]
[Result "1/2-1/2"]
[WhiteElo "2328"]
[BlackElo "2349"]
[PlyCount "60"]
[EventDate "2012.??.??"]
[EventType "team"]
[EventRounds "11"]

1. d4 d5 2. Nf3 Nf6 3. e3 c5 4. b3 Nc6 5. Bb2 cxd4 6. exd4 Bg4 7. Be2 e6 8. O-O
Bd6 9. Nbd2 Qc7 10. Ne5 Bf5 11. Ndf3 Bxc2 12. Qd2 Be4 13. Rac1 O-O 14. Nxc6
bxc6 15. Ne5 c5 16. Nd3 Bxh2+ 17. Kh1 Bxd3 18. Qxd3 Bf4 19. Rxc5 Qe7 20. g3 Bd6
21. Rc6 Ne4 22. Kg2 f5 23. Bf3 g5 24. Qa6 Rad8 25. Bc1 f4 26. g4 h5 27. Qe2 Qb7
28. Qa6 Qe7 29. Qe2 Qb7 30. Qa6 Qe7 1/2-1/2

[Event "Ct. Catalunya eq DH"]
[Site "?"]
[Date "2012.02.04"]
[Round "2.6"]
[White "Granados Gomez, M."]
[Black "Fernandez Cazorla, A."]
[Result "0-1"]
[WhiteElo "2421"]
[BlackElo "2325"]
[PlyCount "108"]
[EventDate "2012.??.??"]
[EventType "team"]
[EventRounds "11"]

1. d4 d5 2. Nf3 Nf6 3. e3 g6 4. Bd3 Bg7 5. O-O O-O 6. c4 c6 7. Nc3 a6 8. c5
Nbd7 9. b4 b6 10. cxb6 Qxb6 11. Bd2 Bb7 12. Na4 Qc7 13. Rc1 Ne4 14. Bxe4 dxe4
15. Ng5 e5 16. Nxe4 exd4 17. exd4 Rfe8 18. Nec5 Bxd4 19. Bc3 Bxc3 20. Qxd7 Qxd7
21. Nxd7 Bg7 22. Nab6 Ra7 23. Rfd1 a5 24. b5 cxb5 25. Rc7 Bf3 26. Rxa7 Bxd1 27.
h3 a4 28. Nd5 Rd8 29. Rb7 Be2 30. Ne7+ Kh8 31. Nc6 Re8 32. Na7 a3 33. Nxb5 Bxb5
34. Rxb5 Re1+ 35. Kh2 Bb2 36. Nc5 Ra1 37. Nd3 Bf6 38. Ra5 Rxa2 39. Nb4 Rb2 40.
Nd5 Be5+ 41. f4 Bd6 42. Kg3 a2 43. Kg4 Rxg2+ 44. Kf3 Rd2 45. Ne3 Rd3 46. Rxa2
Bc5 47. Ra8+ Kg7 48. Re8 Rxe3+ 49. Rxe3 Bxe3 50. Kxe3 Kf6 51. h4 Kf5 52. Kf3 f6
53. Kg3 Ke4 54. Kg4 h5+ 0-1

[Event "Ct. Catalunya eq DH"]
[Site "?"]
[Date "2012.02.04"]
[Round "2.7"]
[White "Casanellas Ruano, L."]
[Black "Armengol Comas, J."]
[Result "1/2-1/2"]
[WhiteElo "2316"]
[BlackElo "2299"]
[PlyCount "80"]
[EventDate "2012.??.??"]
[EventType "team"]
[EventRounds "11"]

1. c4 e5 2. g3 Nf6 3. Bg2 d5 4. cxd5 Nxd5 5. Nc3 Nb6 6. Nf3 Nc6 7. O-O Be7 8.
a3 Be6 9. b4 Nd4 10. Rb1 Nxf3+ 11. Bxf3 c6 12. d3 O-O 13. Bb2 f6 14. Qc2 a5 15.
b5 cxb5 16. Nxb5 Rc8 17. Qd2 Nc4 18. Qd1 Nxb2 19. Rxb2 Qd7 20. Qd2 a4 21. Nc3
Bb3 22. Ra1 Rc7 23. e4 Bc5 24. Bd1 Bxd1 25. Rxd1 Bxa3 26. Rbb1 Bc5 27. Qa2+ Qf7
28. Qxf7+ Rfxf7 29. Nxa4 Bd4 30. Rd2 Rc6 31. Rb5 Rfc7 32. Kg2 Rc2 33. Rxc2 Rxc2
34. Rxb7 Rxf2+ 35. Kh3 h5 36. Nb6 g5 37. g4 Rf3+ 38. Kg2 hxg4 39. Nd5 Kf8 40.
Rd7 f5 1/2-1/2

[Event "Ct. Catalunya eq DH"]
[Site "?"]
[Date "2012.02.04"]
[Round "2.7"]
[White "Castellet Giralt, G."]
[Black "Ryan, J."]
[Result "0-1"]
[WhiteElo "2311"]
[BlackElo "2347"]
[PlyCount "60"]
[EventDate "2012.??.??"]
[EventType "team"]
[EventRounds "11"]

1. d4 d6 2. c4 e5 3. d5 f5 4. Nc3 Nf6 5. Nf3 Be7 6. g3 O-O 7. Bg2 Qe8 8. h3 a5
9. O-O Na6 10. e4 Nxe4 11. Nxe4 fxe4 12. Ng5 Nc5 13. Qe2 Bxg5 14. Bxg5 Bf5 15.
g4 Bg6 16. Bd2 b6 17. b3 Qd7 18. h4 h6 19. h5 Bh7 20. Rac1 Nd3 21. Rc3 Nf4 22.
Qd1 Rf7 23. Rg3 Raf8 24. Bh1 Qe7 25. Qe1 Qh4 26. Qe3 Nd3 27. g5 Nxf2 28. Bg2
hxg5 29. Rxg5 Ng4 30. Bh3 Rxf1+ 0-1

[Event "Ct. Catalunya eq DH"]
[Site "?"]
[Date "2012.02.10"]
[Round "2.7"]
[White "Gardela Batlle, J."]
[Black "Alexandrova, O."]
[Result "0-1"]
[WhiteElo "2287"]
[BlackElo "2433"]
[PlyCount "67"]
[EventDate "2012.??.??"]
[EventType "team"]
[EventRounds "11"]

1. Nf3 Nf6 2. c4 c5 3. g3 d5 4. Bg2 d4 5. b4 Qc7 6. d3 e5 7. bxc5 Bxc5 8. O-O
O-O 9. Nbd2 Nc6 10. Nb3 Be7 11. e3 dxe3 12. fxe3 e4 13. dxe4 Bg4 14. Bb2 Rad8
15. Qb1 Bxf3 16. Bxf3 Ne5 17. Bxe5 Qxe5 18. Qc2 h5 19. Rad1 h4 20. gxh4 Bd6 21.
Rd4 Rfe8 22. c5 Bc7 23. Nc1 Qe6 24. Ne2 Qh3 25. Nf4 Qxh4 26. Qf2 Qg5+ 27. Qg3
Qxc5 28. Kh1 g6 29. Rg1 Kg7 30. a4 Rh8 31. Qf2 Bxf4 32. exf4 Nxe4 33. Bxe4 Qxd4
34. Qe1 0-1

[Event "Ct. Catalunya eq DH"]
[Site "?"]
[Date "2012.02.04"]
[Round "2.8"]
[White "Almeida Toledano, D."]
[Black "Bravo Barranco, N."]
[Result "1/2-1/2"]
[WhiteElo "2399"]
[BlackElo "2327"]
[PlyCount "46"]
[EventDate "2012.??.??"]
[EventType "team"]
[EventRounds "11"]

1. e4 c6 2. d4 d5 3. f3 dxe4 4. fxe4 e5 5. Nf3 Be6 6. c3 Nf6 7. Bd3 Nbd7 8. O-O
Bd6 9. Kh1 h6 10. Be3 Qe7 11. Nbd2 O-O 12. Qe1 Rad8 13. Bg1 Bb8 14. Nh4 Rfe8
15. Nf5 Bxf5 16. Rxf5 Nc5 17. Bc2 exd4 18. cxd4 Ncxe4 19. Nxe4 Nxe4 20. Re5
Bxe5 21. Qxe4 g6 22. dxe5 Qxe5 23. Qxe5 Rxe5 1/2-1/2

[Event "Ct. Catalunya eq DH"]
[Site "?"]
[Date "2012.02.04"]
[Round "2.8"]
[White "Miquel Erice, J."]
[Black "Bruned Segura, M."]
[Result "1-0"]
[WhiteElo "2136"]
[BlackElo "2268"]
[PlyCount "73"]
[EventDate "2012.??.??"]
[EventType "team"]
[EventRounds "11"]

1. e4 e5 2. d4 d6 3. dxe5 dxe5 4. Qxd8+ Kxd8 5. f4 Nc6 6. Nf3 Bd6 7. Bb5 Nge7
8. Ng5 Ke8 9. Bc4 f6 10. Nf7 Na5 11. Nxd6+ cxd6 12. Bb3 Nxb3 13. axb3 Nc6 14.
Be3 Nb4 15. Na3 Bd7 16. O-O-O Ke7 17. fxe5 fxe5 18. Bg5+ Kf7 19. Rxd6 Bc6 20.
Rf1+ Kg8 21. Nc4 Bxe4 22. Nxe5 h6 23. Bd2 Nc6 24. Nxc6 Bxc6 25. Bc3 Kh7 26. Rf7
Rhg8 27. Bd2 Kh8 28. Rxh6+ gxh6 29. Bc3+ Rg7 30. Rxg7 h5 31. Kd2 h4 32. b4 a6
33. Ke3 Re8+ 34. Kf4 Re4+ 35. Kf5 Re8 36. Kg6 Re4 37. Rh7+ 1-0

[Event "Ct. Catalunya eq DH"]
[Site "?"]
[Date "2012.02.04"]
[Round "2.8"]
[White "Rivas Garcia, V."]
[Black "Rahal, M."]
[Result "1/2-1/2"]
[WhiteElo "2331"]
[BlackElo "2420"]
[PlyCount "53"]
[EventDate "2012.??.??"]
[EventType "team"]
[EventRounds "11"]

1. e4 e6 2. d4 d5 3. Nc3 dxe4 4. Nxe4 Bd7 5. Nf3 Bc6 6. Bd3 Nd7 7. O-O Ngf6 8.
Qe2 Nxe4 9. Bxe4 Bxe4 10. Qxe4 c6 11. Bg5 Be7 12. Bxe7 Qxe7 13. Rfe1 O-O 14. c4
Nf6 15. Qe2 Rad8 16. Rad1 Qc7 17. b3 Rd6 18. Rd2 Rfd8 19. Red1 Qa5 20. h3 h6
21. Qe5 Qa3 22. Qe2 a5 23. Qe5 Qb4 24. Qe3 a4 25. Ne5 axb3 26. axb3 Nd7 27. Nf3
1/2-1/2

[Event "Ct. Catalunya eq DH"]
[Site "?"]
[Date "2012.02.04"]
[Round "2.8"]
[White "Sadrija, E."]
[Black "Pijuan Herranz, M."]
[Result "0-1"]
[WhiteElo "2261"]
[BlackElo "2302"]
[PlyCount "76"]
[EventDate "2012.??.??"]
[EventType "team"]
[EventRounds "11"]

1. e4 e5 2. Nf3 Nc6 3. d4 exd4 4. Nxd4 Bb4+ 5. c3 Bc5 6. Be3 Bb6 7. Be2 Nf6 8.
Nd2 O-O 9. O-O Re8 10. Qc2 d5 11. Nxc6 bxc6 12. Bxb6 axb6 13. Bf3 Bg4 14. exd5
Bxf3 15. Nxf3 Nxd5 16. a3 Nf4 17. Rad1 Qf6 18. Rfe1 g6 19. g3 Ne6 20. Kg2 Kg7
21. Re4 Qf5 22. Rd2 g5 23. Rde2 Nf4+ 24. Rxf4 Qxc2 25. Rxf7+ Kxf7 26. Rxc2 Kf6
27. Nd4 c5 28. Nb5 Re7 29. c4 Rd8 30. Nc3 c6 31. b4 cxb4 32. axb4 Rd4 33. Na4
Rb7 34. c5 Rxb4 35. Nxb6 Ra7 36. Rd2 Re7 37. Nd7+ Kf5 38. h3 h5 0-1

[Event "Ct. Catalunya eq DH"]
[Site "?"]
[Date "2012.02.04"]
[Round "2.8"]
[White "Yepes Martinez, E."]
[Black "Guasch Sariol, J."]
[Result "0-1"]
[WhiteElo "2331"]
[BlackElo "2235"]
[PlyCount "62"]
[EventDate "2012.??.??"]
[EventType "team"]
[EventRounds "11"]

1. e4 e6 2. d4 d5 3. Nc3 dxe4 4. Nxe4 Bd7 5. Nf3 Bc6 6. Bd3 Nd7 7. O-O Ngf6 8.
Ng3 Bxf3 9. Qxf3 c6 10. b3 Bd6 11. Bb2 O-O 12. c4 Re8 13. Rad1 Qc7 14. Rfe1
Rad8 15. Bb1 Bf8 16. h4 Qa5 17. h5 Bb4 18. Re2 Qg5 19. Qd3 g6 20. Bc1 Qh4 21.
hxg6 hxg6 22. Ne4 Ng4 23. Bf4 Kg7 24. Qg3 Qh5 25. f3 Rh8 26. fxg4 Qh1+ 27. Kf2
Qxd1 28. Bc2 Qxd4+ 29. Be3 Qa1 30. g5 Rh1 31. Bf4 Be1+ 0-1

[Event "Ct. Catalunya eq DH"]
[Site "?"]
[Date "2012.02.04"]
[Round "2.9"]
[White "Asensio Liñan, T."]
[Black "Bofill Mas, A."]
[Result "1/2-1/2"]
[WhiteElo "2301"]
[BlackElo "2406"]
[PlyCount "80"]
[EventDate "2012.??.??"]
[EventType "team"]
[EventRounds "11"]

1. e4 c5 2. g3 Nc6 3. Bg2 g6 4. Ne2 Bg7 5. c3 e5 6. d3 d6 7. O-O Nge7 8. Be3
O-O 9. Nd2 Be6 10. f4 Qd7 11. Nf3 Bh3 12. Bxh3 Qxh3 13. fxe5 Nxe5 14. Nxe5 Bxe5
15. d4 cxd4 16. cxd4 Bg7 17. Qa4 Qe6 18. Nc3 d5 19. e5 f6 20. Rfe1 fxe5 21.
dxe5 Nc6 22. Qb3 Nxe5 23. Kh1 Nf3 24. Re2 Bxc3 25. bxc3 Qe4 26. Qc2 Rae8 27.
Rc1 b6 28. Qxe4 Rxe4 29. Kg2 Ne5 30. Rce1 Re8 31. Bf2 Nc4 32. Rxe4 Rxe4 33.
Rxe4 dxe4 34. Bd4 Kf7 35. g4 Ke6 36. Kg3 Kd5 37. Kf4 a5 38. Kg5 Ne5 39. Bxb6 a4
40. Kf4 Nf7 1/2-1/2

[Event "Ct. Catalunya eq DH"]
[Site "?"]
[Date "2012.02.04"]
[Round "2.9"]
[White "Colon Garcia, E."]
[Black "Bosque Ortega, X."]
[Result "1-0"]
[WhiteElo "2376"]
[BlackElo "2321"]
[PlyCount "43"]
[EventDate "2012.??.??"]
[EventType "team"]
[EventRounds "11"]

1. d4 d5 2. c4 c6 3. Nf3 Nf6 4. e3 g6 5. Nc3 Bg7 6. h3 O-O 7. Bd3 dxc4 8. Bxc4
b5 9. Be2 b4 10. Na4 Ba6 11. Bd2 Bxe2 12. Qxe2 a5 13. O-O Nbd7 14. Rac1 Nb6 15.
Nc5 Qd5 16. e4 Qxa2 17. b3 Bh6 18. Ra1 Qc2 19. Rfc1 Qb2 20. Nd3 Qxb3 21. Bxh6
Rfc8 22. Nc5 1-0

[Event "Ct. Catalunya eq DH"]
[Site "?"]
[Date "2012.02.10"]
[Round "2.9"]
[White "Fernandez Serrano, P."]
[Black "Martin Gonzalez, A."]
[Result "0-1"]
[WhiteElo "2249"]
[BlackElo "2418"]
[PlyCount "90"]
[EventDate "2012.??.??"]
[EventType "team"]
[EventRounds "11"]

1. d4 Nf6 2. Bf4 c5 3. e3 e6 4. Nf3 b6 5. Nbd2 Bb7 6. Bd3 Be7 7. Qe2 Nc6 8. c3
Rc8 9. h3 O-O 10. O-O d6 11. Rfe1 Rc7 12. Rad1 Rd7 13. Bb1 Qc8 14. e4 g6 15.
Bh6 Rfd8 16. Qe3 cxd4 17. cxd4 e5 18. d5 Nb4 19. Qa3 a5 20. Be3 Nbxd5 21. exd5
Nxd5 22. Qb3 Bc6 23. Rc1 a4 24. Qd1 Qb7 25. b3 b5 26. bxa4 b4 27. Be4 f5 28.
Bxd5+ Bxd5 29. Nb3 f4 30. Bd2 Bf6 31. Qc2 g5 32. Qf5 Rf8 33. Qg4 Re7 34. Red1
Be6 35. Qh5 Rg7 36. Nh2 Bd5 37. f3 Bd8 38. Re1 Bf7 39. Qg4 h5 40. Qf5 Bxb3 41.
Qxf8+ Kxf8 42. axb3 Bb6+ 43. Kh1 Bc5 44. Rc2 Qd5 45. Rb1 g4 0-1

[Event "Ct. Catalunya eq DH"]
[Site "?"]
[Date "2012.02.04"]
[Round "2.9"]
[White "Quintas Galeano, L."]
[Black "Luke Brezmes, C."]
[Result "0-1"]
[WhiteElo "2238"]
[BlackElo "2132"]
[PlyCount "108"]
[EventDate "2012.??.??"]
[EventType "team"]
[EventRounds "11"]

1. e4 e5 2. Nf3 Nc6 3. Bb5 a6 4. Ba4 Nf6 5. O-O Be7 6. d3 b5 7. Bb3 O-O 8. Re1
d6 9. c3 Na5 10. Bc2 c5 11. Nbd2 Qc7 12. Nf1 Nc6 13. Ng3 g6 14. Bh6 Re8 15. h3
Bf8 16. Qd2 Nd7 17. Bb3 Nd8 18. Nh2 c4 19. dxc4 Bxh6 20. Qxh6 bxc4 21. Ba4 f6
22. Ng4 Nf7 23. Qd2 Kg7 24. Ne3 Rd8 25. Nd5 Qb7 26. Nb4 Qc7 27. Bxd7 Bxd7 28.
Nd5 Qb7 29. Nf1 Rab8 30. Rab1 Be6 31. Nfe3 Ng5 32. Nxc4 Nxe4 33. Rxe4 Qxd5 34.
Rh4 g5 35. Qxd5 Bxd5 36. Ne3 Bxa2 37. Ra1 gxh4 38. Rxa2 Rd7 39. b4 d5 40. Rxa6
d4 41. cxd4 exd4 42. Nf5+ Kg6 43. Nxh4+ Kf7 44. Ra2 Rxb4 45. Nf3 Rb1+ 46. Kh2
Ke6 47. Rd2 d3 48. Kg3 Kf5 49. Nh2 Ke4 50. Ng4 Rb6 51. f3+ Kd4 52. Nf2 Ke3 53.
Rd1 Rg7+ 54. Ng4+ Ke2 0-1

[Event "Ct. Catalunya eq DH"]
[Site "?"]
[Date "2012.02.04"]
[Round "2.9"]
[White "Serra Pages, J."]
[Black "Dickl, E."]
[Result "1/2-1/2"]
[WhiteElo "2299"]
[BlackElo "2272"]
[PlyCount "85"]
[EventDate "2012.??.??"]
[EventType "team"]
[EventRounds "11"]

1. Nf3 Nf6 2. d4 e6 3. c4 Nc6 4. Nc3 Bb4 5. Bd2 O-O 6. e3 Bxc3 7. Bxc3 Ne4 8.
Rc1 Qe7 9. Qc2 Nxc3 10. Qxc3 d6 11. c5 e5 12. d5 Nd8 13. Be2 f5 14. O-O Nf7 15.
cxd6 cxd6 16. Qc7 Qf6 17. Rc3 g5 18. Nd2 g4 19. f3 gxf3 20. Nxf3 Rd8 21. Qc4
Qh6 22. Qh4 Bd7 23. Rfc1 Rac8 24. Qxh6 Nxh6 25. Ng5 Rxc3 26. Rxc3 Rc8 27. Rxc8+
Bxc8 28. Bh5 Bd7 29. Kf2 Kg7 30. e4 Ng4+ 31. Bxg4 fxg4 32. Kg3 h5 33. h4 gxh3
34. gxh3 Kf6 35. Nf3 Bb5 36. Nd2 Kg5 37. h4+ Kf6 38. Kf2 Ke7 39. Ke3 Bd7 40.
Nf3 Bg4 41. Ng5 Bd7 42. Kd3 Bb5+ 43. Ke3 1/2-1/2

[Event "Ct. Catalunya eq DH"]
[Site "?"]
[Date "2012.02.04"]
[Round "2.9"]
[White "Valencia Jimenez, J."]
[Black "Garrido Fernandez, D."]
[Result "0-1"]
[WhiteElo "2166"]
[BlackElo "2335"]
[PlyCount "74"]
[EventDate "2012.??.??"]
[EventType "team"]
[EventRounds "11"]

1. d4 f5 2. e4 fxe4 3. Nc3 Nf6 4. Bg5 Nc6 5. d5 Ne5 6. Qe2 Nf7 7. h4 c6 8.
O-O-O Qa5 9. Bxf6 gxf6 10. Qxe4 e6 11. dxe6 dxe6 12. Kb1 Bg7 13. Bc4 f5 14. Qe2
Qe5 15. Nf3 Qxe2 16. Nxe2 Ne5 17. Nxe5 Bxe5 18. Nd4 Bxd4 19. Rxd4 Ke7 20. Rhd1
b5 21. Bb3 c5 22. Rf4 c4 23. Bxc4 bxc4 24. Rxc4 Rd8 25. Rxd8 Kxd8 26. g4 Rb8
27. g5 Rb7 28. f4 Rd7 29. Kc1 Ba6 30. Ra4 Be2 31. c3 Ke7 32. Rb4 Kf7 33. a4 Kg6
34. b3 Kh5 35. Rb8 Kxh4 36. Re8 Kg4 37. Rxe6 Bd1 0-1

[Event "Ct. Catalunya eq DH"]
[Site "?"]
[Date "2012.02.04"]
[Round "2.10"]
[White "Bulto Gonzalvo, R."]
[Black "Codina Garcia, J."]
[Result "0-1"]
[WhiteElo "2121"]
[BlackElo "2228"]
[PlyCount "102"]
[EventDate "2012.??.??"]
[EventType "team"]
[EventRounds "11"]

1. e4 e5 2. Nf3 Nc6 3. d4 exd4 4. Bc4 Nf6 5. O-O Bc5 6. e5 d5 7. exf6 dxc4 8.
fxg7 Rg8 9. Re1+ Be6 10. Ng5 Qd5 11. Nc3 Qf5 12. Nce4 Be7 13. Ng3 Qg6 14. Nxe6
fxe6 15. Qh5 Rxg7 16. Rxe6 Qxh5 17. Nxh5 Rf7 18. Bd2 O-O-O 19. Rae1 Bb4 20. c3
dxc3 21. Bxc3 Bc5 22. Rf6 Rfd7 23. Kf1 Nb4 24. Rf5 Nd3 25. Re4 b5 26. Nf4 Nxf2
27. Ree5 Bb6 28. Rxb5 Ng4 29. Rh5 Re8 30. g3 a6 31. Rbg5 Ne3+ 32. Ke2 Nf5+ 33.
Kf3 Nd4+ 34. Kg4 Ne2 35. Nxe2 Rxe2 36. Re5 Rxe5 37. Rxe5 Bd4 38. Re4 c5 39. h4
Kb7 40. Kf5 Kc6 41. Re6+ Kb5 42. a4+ Kxa4 43. Rxa6+ Kb3 44. Rb6+ Kc2 45. Rc6 h5
46. Bxd4 cxd4 47. Rxc4+ Kb3 48. Rc5 d3 49. Rc1 Kxb2 50. Rd1 Kc2 51. Rg1 Rg7 0-1

[Event "Ct. Catalunya eq DH"]
[Site "?"]
[Date "2012.02.04"]
[Round "2.10"]
[White "De la Riva Aguado, J."]
[Black "Bru Rullo, L."]
[Result "1-0"]
[WhiteElo "2325"]
[BlackElo "2153"]
[PlyCount "75"]
[EventDate "2012.??.??"]
[EventType "team"]
[EventRounds "11"]

1. e4 e5 2. Nf3 Nc6 3. Bb5 a6 4. Ba4 Nf6 5. d3 b5 6. Bb3 Be7 7. O-O O-O 8. Re1
d6 9. a4 b4 10. Nbd2 Na5 11. Ba2 Bd7 12. Nf1 c5 13. Bd2 Qe8 14. Ng3 Be6 15. Nf5
Bxf5 16. exf5 Qd7 17. Nh4 Nc6 18. g4 Ne8 19. g5 Nd4 20. Bd5 Ra7 21. Qh5 Nxc2
22. g6 Nf6 23. gxf7+ Rxf7 24. Qxf7+ Kh8 25. Be6 Qe8 26. Qxe8+ Nxe8 27. Ng2 Nxa1
28. Rxa1 Bf6 29. Rb1 Re7 30. Ne3 Nc7 31. Nd5 Nxd5 32. Bxd5 a5 33. Kg2 Rc7 34.
Kf3 Rd7 35. b3 Re7 36. Rg1 Re8 37. Ke4 Rb8 38. Bg5 1-0

[Event "Ct. Catalunya eq DH"]
[Site "?"]
[Date "2012.02.04"]
[Round "2.10"]
[White "Del Amo Carbo, J."]
[Black "Colls Gelaberto, E."]
[Result "0-1"]
[WhiteElo "2173"]
[BlackElo "2270"]
[PlyCount "134"]
[EventDate "2012.??.??"]
[EventType "team"]
[EventRounds "11"]

1. d4 Nf6 2. c4 g6 3. Nc3 Bg7 4. e4 d6 5. Bd3 e5 6. d5 a5 7. Nge2 Na6 8. f3 Nd7
9. O-O O-O 10. Be3 Ndc5 11. Bc2 f5 12. exf5 Bxf5 13. Bxf5 gxf5 14. g3 Qf6 15.
Qd2 Qg6 16. Kh1 Qh5 17. f4 Nd7 18. Rad1 Rae8 19. Bg1 Bh6 20. Nc1 Nac5 21. Qe2
Qh3 22. Qg2 Qxg2+ 23. Kxg2 exf4 24. gxf4 Rf7 25. Bd4 Ne4 26. N1e2 Bg7 27. Kf3
Nxc3 28. Bxc3 Rfe7 29. Nd4 Re3+ 30. Kg2 Bxd4 31. Bxd4 Re2+ 32. Rf2 Nf8 33. Kf3
Rxf2+ 34. Kxf2 Re4 35. Be3 Rxc4 36. Rd2 Ng6 37. Kf3 Kf7 38. Bd4 c5 39. dxc6
bxc6 40. b3 Rc1 41. Bb6 d5 42. Bxa5 Rf1+ 43. Rf2 Rxf2+ 44. Kxf2 Nxf4 45. Bd2
Ne6 46. a4 Ke7 47. b4 Kd7 48. Ke2 c5 49. bxc5 Nxc5 50. a5 Kc6 51. Ke3 Ne6 52.
Be1 d4+ 53. Kd3 Kd5 54. Bb4 Nf4+ 55. Kd2 Kc6 56. Be7 Nd5 57. Bd8 Nb4 58. Be7
Na6 59. Kd3 Kd5 60. Bf8 f4 61. h4 f3 62. h5 Nc5+ 63. Kd2 Nb3+ 64. Ke1 Nxa5 65.
Kf2 Ke4 66. Bc5 Nb3 67. Bb4 d3 0-1

[Event "Ct. Catalunya eq DH"]
[Site "?"]
[Date "2012.02.04"]
[Round "2.10"]
[White "Lopez Agustench, E."]
[Black "Hernandez Casillas, JJ."]
[Result "1-0"]
[WhiteElo "2341"]
[BlackElo "2278"]
[PlyCount "87"]
[EventDate "2012.??.??"]
[EventType "team"]
[EventRounds "11"]

1. d4 d6 2. Nf3 Nf6 3. c4 g6 4. Nc3 Bg7 5. h3 O-O 6. Bg5 h6 7. Bh4 c6 8. e3
Nbd7 9. Be2 e5 10. O-O Qe7 11. Re1 Re8 12. Rc1 e4 13. Nd2 g5 14. Bg3 Nf8 15. b4
Bf5 16. Nb3 b6 17. d5 c5 18. bxc5 bxc5 19. Nb5 Red8 20. Na5 Ne8 21. Nc6 Qd7 22.
Nxd8 Qxd8 23. Qc2 Bg6 24. Bh2 Qe7 25. Qa4 Nd7 26. Qa6 Ne5 27. Red1 h5 28. Rb1
g4 29. hxg4 hxg4 30. Bxe5 Bxe5 31. g3 f5 32. Kg2 Nf6 33. Na3 Nh7 34. Rb7 Qf8
35. Nb5 Ng5 36. Rh1 Nh3 37. Nc7 Re8 38. Nxe8 Bxe8 39. Rxa7 Qf6 40. Qc8 Kf8 41.
Ra8 Qg6 42. a4 Qh5 43. a5 Qf7 44. Qxe8+ 1-0

[Event "Ct. Catalunya eq DH"]
[Site "?"]
[Date "2012.02.04"]
[Round "2.10"]
[White "Mingo Fernandez, M."]
[Black "Tallo Dominguez, I."]
[Result "1/2-1/2"]
[WhiteElo "2284"]
[BlackElo "2304"]
[PlyCount "80"]
[EventDate "2012.??.??"]
[EventType "team"]
[EventRounds "11"]

1. d4 Nf6 2. Bf4 d5 3. e3 e6 4. Nd2 c5 5. c3 Nc6 6. Ngf3 Be7 7. h3 O-O 8. Ne5
Nxe5 9. dxe5 Nd7 10. Bd3 f5 11. h4 d4 12. exd4 cxd4 13. cxd4 Nc5 14. Nf3 Qa5+
15. Kf1 Nxd3 16. Qxd3 b6 17. Qb3 h6 18. Bd2 Ba6+ 19. Kg1 Qd5 20. Qxd5 exd5 21.
Kh2 Rac8 22. Rhc1 Kf7 23. a3 Rxc1 24. Rxc1 Rc8 25. Rxc8 Bxc8 26. Kg3 a5 27. Kf4
Bd8 28. g3 Be7 29. Bc3 Bd8 30. Bd2 Be7 31. Bc3 Bd8 32. Ke3 Ba6 33. Ne1 g5 34.
hxg5 hxg5 35. Nc2 Ke6 36. Kf3 Bd3 37. Ne1 Bf1 38. Nc2 Bd3 39. Ne1 Bf1 40. Nc2
Bd3 1/2-1/2

[Event "Ct. Catalunya eq DH"]
[Site "?"]
[Date "2012.02.11"]
[Round "3.1"]
[White "Bruzon Batista, L."]
[Black "Cornette, M."]
[Result "1/2-1/2"]
[WhiteElo "2695"]
[BlackElo "2577"]
[PlyCount "38"]
[EventDate "2012.??.??"]
[EventType "team"]
[EventRounds "11"]

1. e4 d5 2. exd5 Qxd5 3. Nf3 Bg4 4. Be2 Nc6 5. Nc3 Qd7 6. d4 e6 7. O-O Nf6 8.
Ne5 Bxe2 9. Qxe2 Qxd4 10. Nxc6 bxc6 11. Rd1 Qb4 12. Bd2 Bd6 13. Nd5 Bxh2+ 14.
Kf1 Qh4 15. Nxf6+ Qxf6 16. Bc3 Qf5 17. Qd3 Qxd3+ 18. Rxd3 Bd6 19. Bxg7 Rg8
1/2-1/2

[Event "Ct. Catalunya eq DH"]
[Site "?"]
[Date "2012.02.11"]
[Round "3.1"]
[White "Felgaer Ziegler, R."]
[Black "Oms Pallisse, J."]
[Result "1-0"]
[WhiteElo "2578"]
[BlackElo "2517"]
[PlyCount "82"]
[EventDate "2012.??.??"]
[EventType "team"]
[EventRounds "11"]

1. e4 e5 2. Nf3 Nc6 3. Bb5 Nf6 4. d3 Bc5 5. Bxc6 dxc6 6. O-O Bd6 7. Nbd2 Be6 8.
b3 O-O 9. Nc4 Nd7 10. Ne3 Re8 11. Bb2 f6 12. Nd2 Nf8 13. Nf5 Qd7 14. Qf3 Ng6
15. g3 Bb4 16. c3 Bf8 17. Rad1 a5 18. a4 b5 19. Ne3 Qf7 20. c4 Red8 21. Qe2 Bc5
22. Kh1 Bh3 23. Rg1 Nf8 24. axb5 cxb5 25. cxb5 Ne6 26. Nd5 Bd4 27. Ba3 Rab8 28.
Ne7+ Kh8 29. Nc6 Rxb5 30. Nxd8 Nxd8 31. Rc1 Ne6 32. Rc4 h5 33. Rgc1 Kh7 34.
R4c2 Kg8 35. Bb2 Bxb2 36. Rxb2 Nd4 37. Qe3 c5 38. f4 Be6 39. fxe5 fxe5 40. Nc4
Bxc4 41. dxc4 Rb7 {ilegible} 1-0

[Event "Ct. Catalunya eq DH"]
[Site "?"]
[Date "2011.09.04"]
[Round "3.1"]
[White "Spraggett, K."]
[Black "Movsziszian, K."]
[Result "1/2-1/2"]
[WhiteElo "2550"]
[BlackElo "2532"]
[PlyCount "64"]
[EventDate "2012.??.??"]
[EventType "team"]
[EventRounds "11"]

1. e4 d6 2. d4 g6 3. Nc3 Bg7 4. f4 Nf6 5. Nf3 O-O 6. Bd3 Na6 7. O-O c5 8. d5
Bg4 9. Bc4 Nc7 10. h3 Bxf3 11. Qxf3 a6 12. a4 Rb8 13. a5 e6 14. dxe6 Nxe6 15.
f5 Nd4 16. Qf2 (16. Qg3 {!?}) 16... d5 {!?} 17. Bxd5 Nxd5 18. Nxd5 Nxf5 (18...
gxf5 19. Bf4) 19. exf5 (19. c3 {!} Nd6 20. Qf3 f5 21. exf5 Nxf5 (21... Rxf5 22.
Bf4 g5 23. Ne7+ Qxe7 24. Bxd6 Rxf3 25. Bxe7 Rxf1+ 26. Rxf1) 22. Bf4) 19... Qxd5
20. c3 Rfe8 21. Be3 c4 22. Bb6 Qxf5 23. Qxf5 gxf5 24. Rxf5 Re2 25. Rf2 Rbe8 26.
Kf1 R2e4 27. Rd1 Bh6 28. g4 Be3 29. Bxe3 Rxe3 30. Rd7 Re1+ 31. Kg2 R8e7 32. Rd4
R1e5 1/2-1/2

[Event "Ct. Catalunya eq DH"]
[Site "?"]
[Date "2012.02.11"]
[Round "3.2"]
[White "Bacallao Alonso, Y."]
[Black "Narciso Dublan, M."]
[Result "1/2-1/2"]
[WhiteElo "2550"]
[BlackElo "2562"]
[PlyCount "58"]
[EventDate "2012.??.??"]
[EventType "team"]
[EventRounds "11"]

1. Nf3 Nf6 2. g3 d5 3. Bg2 Nbd7 4. c4 e6 5. b3 b6 6. O-O Bb7 7. cxd5 exd5 8. d4
Be7 9. Nc3 O-O 10. Bf4 c6 11. Rc1 Re8 12. Ne5 Nh5 13. e3 Nxf4 14. gxf4 Nxe5 15.
fxe5 f6 16. f4 fxe5 17. dxe5 Bc5 18. Qf3 Qh4 19. Ne2 Rf8 20. Nd4 Bxd4 21. exd4
g5 22. Qg3 Rxf4 23. Qxh4 Rxh4 24. Rf5 h6 25. Rf6 Re8 26. Rcf1 Ba6 27. Rd1 Bb7
28. Rdf1 Ba6 29. Rd1 Bb7 1/2-1/2